00588 2200217 4500001002100000005001500021035002000036007000300056008004100059020002200100082001100122084001800133100001700151245006500168250000600233260006500239300002500304650001200329700001600341990001300357INLIS00000000000104020240820121538 a0010-0824000016ta240820 g 0 ind  a978-979-582-246-2 a630*35 a630*35 LEL k1 aLeli Nuryati1 aKinerja Dan Prospek Investasi Pertanian /cPrihasto Setyanto a1 aJakarta :bSekretariat Direktorat Jenderal Perkebunan,c2023 a166 :bilus ;c21 cm 4aKinerja1 aSetyo Adhie aBUN01522